KOHA-Header-6

Statistics (Record no. 7654)

000 -LEADER
fixed length control field 00250nam a2200109Ia 4500
100 ## - MAIN ENTRY--AUTHOR NAME
Personal name Elmore,Patricia B.
245 #0 - TITLE STATEMENT
Title Statistics
260 ## - PUBLICATION, DISTRIBUTION, ETC. (IMPRINT)
Place of publication New york
Name of publisher Education
Year of publication 1639
300 ## - PHYSICAL DESCRIPTION
Number of Pages 242
942 ## - ADDED ENTRY ELEMENTS (KOHA)
Koha item type Books
Holdings
Withdrawn status Lost status Permanent Location Current Location Date acquired Full call number Accession Number Koha item type
    MAJU MAJU 2019-09-12 519.5 1639 Books

Powered by Koha